00385nam a22001457a 4500003000500000020001000005038001400015082001800029100001600047245003600063260005000099300001300149880003600162880004100198NUST q(Hbk) aM. Shaban a891.4911bTAL aTalib Jatoi aJagratai da thal /cTalib Jatoi aMultan :bSangh : Albarkat publishers,c2000. a184 p. ; 6100-01\raطالب جتوئی 6245-02\raجگراتے دا تھل /